Piri Reis & Turkish mapmaking after Columbus : the Khalili portolan atlas /

Saved in:

Main Author: Soucek, Svatopluk (Author)

Corporate Author: Muʼassasat Nūr al-Ḥusayn.

Format: Book

Language: English

Published: London : Nour Foundation in association with Azimuth Editions and Oxford University Press, c1996.

Edition: [2nd ed].

Series: Studies in the Khalili collection ; 2.

Subjects:

Tags: Add Tag

No Tags, Be the first to tag this record!

Call Number: GA1303.5 .A1 S65 1996

LEADER 01250namaa2200325 4500
001 24698
003 OSt
005 20250921062155.0
008 130303s1996 enkabcf b 000 0 eng d
010 |a 94122207 
020 |a 019727501X 
040 |c ARCE Library 
050 4 |a GA1303.5 .A1 S65 1996 
100 1 |a Soucek, Svatopluk,   |e author 
245 1 0 |a Piri Reis & Turkish mapmaking after Columbus :   |b the Khalili portolan atlas /   |c by Svat Soucek. 
246 3 |a Piri Reis and Turkish mapmaking after Columbus. 
250 |a [2nd ed]. 
264 1 |a London :   |b Nour Foundation in association with Azimuth Editions and Oxford University Press,   |c c1996. 
300 |a 176 pages, [16] pages of plates :   |b illustrations, maps, 1 port. ;   |c 31 cm. 
490 1 |a Studies in the Khalili collection ;   |v 2. 
504 |a Includes bibliographical references (p. 169-[175]). 
600 1 0 |a Pirı̂ Reis,  |d -1554?  |9 37687 
650 0 |a Cartography  |z Turkey  |x History. 
650 0 |a Cartographers  |z Turkey  |x History  |y Ottoman Empire, 1288-1918.  |9 12419 
650 0 |a Atlases  |z Turkey  |v Early works to 1800. 
710 2 |a Muʼassasat Nūr al-Ḥusayn. 
830 0 |a Studies in the Khalili collection ;   |v 2. 
901 |a reviewed 
942 |c BK  |2 lcc 
999 |c 23020  |d 23020